[Event "II Festival Capo d'Orso"]
[Site "Portomannu - Palau ITA"]
[Date "2008.05.20"]
[Round "5"]
[White "Korneev, Oleg"]
[Black "Mogranzini, Roberto"]
[Result "1-0"]
[WhiteElo "2651"]
[BlackElo "2418"]
[PlyCount "119"]
[EventDate "2008.05.17"]

1. e4 c5 2. Nf3 d6 3. d4 cxd4 4. Nxd4 Nf6 5. Nc3 a6 6. Be3 e6 7. g4 e5 8. Nf5
h5 9. g5 Nxe4 10. Nxg7+ Bxg7 11. Nxe4 d5 12. Ng3 d4 13. Bd2 Qd5 14. Bd3 Bg4 15.
Be4 Qd7 16. f3 Bh3 17. Rg1 h4 18. Nh1 Nc6 19. Nf2 Be6 20. Nd3 Bh3 21. f4 exf4
22. Qf3 Bf5 23. O-O-O O-O-O 24. Rde1 Rde8 25. Qxf4 Bxe4 26. Rxe4 Rxe4 27. Qxe4
Qe6 28. Qxe6+ fxe6 29. Nc5 e5 30. h3 b6 31. Ne6 Rg8 32. Rg4 Bh8 33. g6 Kd7 34.
Ng5 Rxg6 35. Rxh4 Bf6 36. Rh7+ Rg7 37. Rxg7+ Bxg7 38. Kd1 Bf6 39. Ne4 Ke6 40.
Ke2 Be7 41. Be1 Nb4 42. Bxb4 Bxb4 43. h4 Bf8 44. h5 Bh6 45. Kf3 Bc1 46. b3 Kf5
47. Ng3+ Kg5 48. Ke4 Bf4 49. Nf5 Kxh5 50. Nxd4 Kg6 51. Ne6 Bh2 52. Nc7 Kf7 53.
Nxa6 Ke6 54. a4 Kd6 55. Nb4 Bg3 56. Nd3 Bh2 57. Nb2 Kc5 58. Nc4 b5 59. axb5
Kxb5 60. c3 1-0

[Event "II Festival Capo d'Orso"]
[Site "Portomannu - Palau ITA"]
[Date "2008.05.20"]
[Round "5"]
[White "Mascellani, Marco"]
[Black "Garcia Palermo, Carlos Horacio"]
[Result "1/2-1/2"]
[WhiteElo "2309"]
[BlackElo "2465"]
[PlyCount "155"]
[EventDate "2008.05.17"]

1. e4 c6 2. d4 d5 3. Nc3 dxe4 4. Nxe4 Bf5 5. Ng3 Bg6 6. Nf3 e6 7. Bd3 Nf6 8.
O-O Be7 9. Bxg6 hxg6 10. c4 b5 11. Qe2 bxc4 12. Qxc4 Qd5 13. Qxd5 Nxd5 14. Bd2
f6 15. Rfc1 Kd7 16. Rc4 Nb6 17. Rc2 a5 18. Rac1 Nd5 19. a3 c5 20. Ne4 cxd4 21.
Nxd4 a4 22. Nc3 Nxc3 23. Rxc3 Bd6 24. g3 Na6 25. Nb5 Be5 26. Rd3+ Ke7 27. Nd4
Bxd4 28. Rxd4 Rhd8 29. Rcc4 Rxd4 30. Rxd4 Nc7 31. Rb4 g5 32. h3 Kd7 33. Rb6 Ra7
34. Bb4 Nd5 35. Rb8 e5 36. Kg2 Ke6 37. Kf3 Kf5 38. Ke2 Ke4 39. Bd2 Kd4 40. Be3+
Nxe3 41. fxe3+ Kc4 42. Rb4+ Kc5 43. Rb8 e4 44. g4 g6 45. Re8 f5 46. gxf5 gxf5
47. Re5+ Kc4 48. Rxf5 Rb7 49. Rxg5 Rxb2+ 50. Kf1 Kd3 51. h4 Kxe3 52. Rg3+ Kf4
53. Rg7 Rh2 54. Ra7 Rxh4 55. Rxa4 Kf3 56. Kg1 Ke2 57. Kg2 Rg4+ 58. Kh3 Kf3 59.
Ra8 Rg5 60. Rf8+ Ke2 61. Kh4 Rg7 62. a4 Ra7 63. Rb8 Kf3 64. Rf8+ Ke3 65. Rb8
Rxa4 66. Kg3 Ra3 67. Rb2 Ra4 68. Rb3+ Ke2 69. Rb2+ Kd3 70. Rb3+ Kc4 71. Re3 Kd5
72. Kf2 Kd4 73. Rh3 Ra2+ 74. Ke1 Rb2 75. Kd1 Ke5 76. Ke1 Kf4 77. Ra3 Rc2 78.
Rb3 1/2-1/2

[Event "II Festival Capo d'Orso"]
[Site "Portomannu - Palau ITA"]
[Date "2008.05.20"]
[Round "5"]
[White "Molina, Fabrizio"]
[Black "Brugo, Marco"]
[Result "1-0"]
[WhiteElo "2313"]
[BlackElo "2102"]
[PlyCount "87"]
[EventDate "2008.05.17"]

1. c4 f5 2. g3 Nf6 3. Bg2 e6 4. Nc3 Be7 5. d3 O-O 6. a3 d5 7. cxd5 exd5 8. Qb3
c6 9. Nf3 Nbd7 10. Bd2 Nc5 11. Qc2 a5 12. Na4 Ne6 13. O-O Qc7 14. b4 axb4 15.
axb4 f4 16. Nc5 Rxa1 17. Rxa1 fxg3 18. hxg3 Ng4 19. Be1 Bf6 20. Ra8 Nd4 21. Qa2
Qf7 22. e4 h5 23. exd5 Nxf3+ 24. Bxf3 Bd4 25. Bxg4 Bxg4 26. Ne6 Bxe6 27. dxe6
Qe7 28. Rxf8+ Kxf8 29. Bd2 Qd6 30. Qa8+ Ke7 31. Qxb7+ Kxe6 32. Qc8+ Ke7 33. Bf4
Qxb4 34. Qc7+ Ke8 35. Qxc6+ Kf7 36. Qd5+ Kg6 37. Qg5+ Kf7 38. Qxh5+ Kg8 39.
Qe8+ Kh7 40. Qe4+ Kg8 41. Be3 Qb1+ 42. Kg2 Bf6 43. Qd5+ Kh7 44. d4 1-0

[Event "II Festival Capo d'Orso"]
[Site "Portomannu - Palau ITA"]
[Date "2008.05.20"]
[Round "5"]
[White "Muhren, Willem"]
[Black "Neri, Angelo"]
[Result "1-0"]
[WhiteElo "2240"]
[BlackElo "1986"]
[PlyCount "63"]
[EventDate "2008.05.17"]

1. e4 e6 2. d4 d5 3. Nc3 Nf6 4. e5 Nfd7 5. f4 c5 6. Nf3 Nc6 7. Be3 Qb6 8. Na4
Qa5+ 9. c3 cxd4 10. b4 Nxb4 11. cxb4 Bxb4+ 12. Bd2 Bxd2+ 13. Nxd2 g5 14. Rb1 a6
15. Nb2 gxf4 16. Nd3 Nc5 17. Nxc5 Qxc5 18. Bd3 b5 19. O-O Bb7 20. Rxf4 Rc8 21.
Qh5 Qe7 22. Rbf1 Rf8 23. Bxh7 d3 24. Bxd3 Qc5+ 25. Kh1 Rc7 26. Nb3 Qa7 27. Nd4
Bc8 28. Bg6 b4 29. h3 Qb7 30. Qh7 Qa7 31. Bxf7+ Rcxf7 32. Rxf7 1-0

[Event "II Festival Capo d'Orso"]
[Site "Portomannu - Palau ITA"]
[Date "2008.05.20"]
[Round "5"]
[White "Ori, Marco"]
[Black "Spielmann, Alain"]
[Result "0-1"]
[WhiteElo "2141"]
[BlackElo "2308"]
[PlyCount "104"]
[EventDate "2008.05.17"]

1. e4 d6 2. d4 Nf6 3. Nc3 g6 4. h3 a6 5. a4 Bg7 6. Nf3 O-O 7. Be3 d5 8. exd5
Nxd5 9. Nxd5 Qxd5 10. Be2 Nc6 11. O-O b6 12. c3 Bb7 13. Ne1 Rad8 14. Bf3 Qd7
15. Qc1 Rfe8 16. Nd3 Ba8 17. Qc2 h5 18. Rad1 Qf5 19. Rd2 Qc8 20. Bf4 Bf6 21.
Bh2 Kg7 22. Re2 Bb7 23. Ne5 Nxe5 24. Bxb7 Qxb7 25. Bxe5 c5 26. dxc5 bxc5 27.
Bxf6+ Kxf6 28. Rd1 Kg7 29. Red2 Rxd2 30. Rxd2 e5 31. Qd3 Qe7 32. Qxa6 e4 33.
Qd6 Qg5 34. Re2 Rd8 35. Qg3 Rd1+ 36. Kh2 Qd5 37. Qe3 f5 38. a5 Qd6+ 39. g3 h4
40. Qf4 hxg3+ 41. fxg3 Rh1+ 42. Kg2 Qd1 43. Qf2 Rg1+ 44. Qxg1 Qxe2+ 45. Qf2 Qd3
46. Kg1 e3 47. Qe1 g5 48. a6 f4 49. gxf4 gxf4 50. a7 Qd5 51. Qa1 f3 52. a8=Q
Qg5+ 0-1

[Event "II Festival Capo d'Orso"]
[Site "Portomannu - Palau ITA"]
[Date "2008.05.20"]
[Round "5"]
[White "Peat, Matthew"]
[Black "Schacht, Holger"]
[Result "1/2-1/2"]
[WhiteElo "1681"]
[BlackElo "2240"]
[PlyCount "29"]
[EventDate "2008.05.17"]

1. d4 d5 2. c4 e6 3. Nc3 c5 4. cxd5 exd5 5. Nf3 Nc6 6. g3 Nf6 7. Bg2 Be7 8. O-O
O-O 9. Bg5 cxd4 10. Nxd4 h6 11. Be3 Re8 12. Rc1 Bf8 13. Nxc6 bxc6 14. Na4 Bd7
15. Bc5 1/2-1/2

[Event "II Festival Capo d'Orso"]
[Site "Portomannu - Palau ITA"]
[Date "2008.05.20"]
[Round "5"]
[White "Salzano, Guido"]
[Black "Venturino, Marco"]
[Result "1-0"]
[WhiteElo "1981"]
[BlackElo "2173"]
[PlyCount "75"]
[EventDate "2008.05.17"]

1. e4 c5 2. Nc3 Nc6 3. g3 g6 4. Bg2 Bg7 5. d3 e6 6. Be3 Nd4 7. Nce2 Rb8 8. c3
Nxe2 9. Nxe2 b6 10. O-O Bb7 11. Qd2 d5 12. exd5 Bxd5 13. d4 Bxg2 14. Kxg2 Qd5+
15. Kg1 cxd4 16. Nxd4 Nf6 17. Bh6 O-O 18. Bxg7 Kxg7 19. Rfd1 h5 20. h4 Rbd8 21.
Qe2 Qb7 22. c4 Rd7 23. Rd3 Rfd8 24. Rad1 Qc7 25. b3 a6 26. Nf3 Rxd3 27. Rxd3
Rxd3 28. Qxd3 Ng4 29. Qd4+ e5 30. Qd5 Qe7 31. Ng5 Nf6 32. Qc6 Qd8 33. Qb7 Nd7
34. Qxa6 Nc5 35. Qa7 Qf6 36. Qa8 Qf5 37. Qd5 f6 38. Qf7+ 1-0

[Event "II Festival Capo d'Orso"]
[Site "Portomannu - Palau ITA"]
[Date "2008.05.20"]
[Round "5"]
[White "Scalcione, Michelangelo"]
[Black "Puzzoni, Christian"]
[Result "1-0"]
[WhiteElo "2455"]
[BlackElo "2114"]
[PlyCount "129"]
[EventDate "2008.05.17"]

1. Nf3 Nc6 2. d4 d5 3. c4 e5 4. cxd5 Qxd5 5. Nc3 Bb4 6. Bd2 Bxc3 7. Bxc3 e4 8.
Nd2 e3 9. fxe3 Nf6 10. Qb3 Be6 11. Qxd5 Bxd5 12. Rg1 O-O-O 13. g4 Rhe8 14. g5
Ne4 15. Nxe4 Rxe4 16. Rg3 Rh4 17. Rh3 Rg4 18. Rxh7 Rxg5 19. Rh4 f5 20. Kf2 Ne7
21. Rh3 Ng8 22. Rg3 Rxg3 23. Kxg3 Nf6 24. Bh3 g6 25. Rg1 Ne4+ 26. Kf4 Rh8 27.
Bg2 Rxh2 28. Bf3 Bxa2 29. Rxg6 Nxc3 30. bxc3 a5 31. Kxf5 a4 32. Rg1 Bc4 33. Ra1
b5 34. Kf4 Rh6 35. e4 Ra6 36. Ra3 Kd7 37. e5 c6 38. Ke3 Ra8 39. Kd2 Rh8 40. Ra1
Rh2 41. Rg1 a3 42. Rg7+ Kc8 43. Ra7 a2 44. Kc1 Rf2 45. Kb2 Rf1 46. Rxa2 Bxa2
47. Kxa2 Kc7 48. Kb3 Ra1 49. Bg4 Ra4 50. Bf5 Kd8 51. Be4 Kc7 52. Bf5 Kd8 53.
Bg6 Kc7 54. e4 Ra6 55. Bf5 Ra4 56. e6 Kd6 57. e5+ Ke7 58. Bh3 c5 59. d5 Re4 60.
d6+ Kf8 61. e7+ Kf7 62. e6+ Ke8 63. Bf5 c4+ 64. Kb4 Rxe6 65. d7+ 1-0

[Event "II Festival Capo d'Orso"]
[Site "Portomannu - Palau ITA"]
[Date "2008.05.20"]
[Round "5"]
[White "Schaefer, Michael"]
[Black "Godena, Michele"]
[Result "0-1"]
[WhiteElo "2194"]
[BlackElo "2528"]
[PlyCount "82"]
[EventDate "2008.05.17"]

1. c4 e5 2. Nc3 Bb4 3. e3 Bxc3 4. bxc3 d6 5. g3 Ne7 6. Bg2 O-O 7. Ne2 Nbc6 8.
O-O Be6 9. d3 Qd7 10. e4 f5 11. f4 fxe4 12. Bxe4 Rad8 13. Qc2 d5 14. cxd5 Nxd5
15. Rb1 b6 16. Qa4 Nd4 17. Qxd7 Nxe2+ 18. Kf2 Rxd7 19. Bxd5 Nxf4 20. gxf4 Rxd5
21. Re1 Bf5 22. c4 Rxd3 23. Rxe5 Rc3 24. Ra1 Rxc4 25. Be3 g6 26. Re1 Rc2+ 27.
Kg3 Rd8 28. Re7 Rd7 29. Rxd7 Bxd7 30. Bd4 Kf7 31. Be5 c5 32. Rd1 Bf5 33. a4 Ra2
34. Rd8 Ra3+ 35. Kf2 Rxa4 36. Rh8 Ra2+ 37. Kg1 h5 38. Rh7+ Ke6 39. Bb8 b5 40.
Bxa7 Kd5 41. Rc7 Rc2 0-1

[Event "II Festival Capo d'Orso"]
[Site "Portomannu - Palau ITA"]
[Date "2008.05.20"]
[Round "5"]
[White "Sprotte, Norbert"]
[Black "Motzer, Heinrich"]
[Result "1-0"]
[WhiteElo "2217"]
[BlackElo "2004"]
[PlyCount "69"]
[EventDate "2008.05.17"]

1. d4 Nf6 2. Nf3 c5 3. d5 g6 4. Nc3 d6 5. e4 Bg7 6. Be2 O-O 7. O-O a6 8. a4
Nbd7 9. h3 Rb8 10. a5 b5 11. axb6 Qxb6 12. Nd2 Qa7 13. Nc4 Nb6 14. Na5 Bd7 15.
Be3 Na8 16. e5 dxe5 17. Nb3 Bc8 18. Bxc5 Qd7 19. d6 e6 20. Bxa6 Nb6 21. Bb5 Qd8
22. d7 Bxd7 23. Bxd7 Nbxd7 24. Bxf8 Bxf8 25. Ra7 Qc8 26. Qf3 Bg7 27. Rd1 h5 28.
Qe2 Nb6 29. Nb5 Nc4 30. Nd6 Nxd6 31. Rxd6 Nd5 32. Rdd7 Nf4 33. Qe4 Rxb3 34.
cxb3 Qc1+ 35. Kh2 1-0

[Event "II Festival Capo d'Orso"]
[Site "Portomannu - Palau ITA"]
[Date "2008.05.21"]
[Round "6"]
[White "Antoniacci, Riccardo"]
[Black "Burlando, Alessandro"]
[Result "1/2-1/2"]
[WhiteElo "1893"]
[BlackElo "2141"]
[PlyCount "90"]
[EventDate "2008.05.17"]

1. e4 e6 2. Qe2 c5 3. g3 Nc6 4. Nf3 d6 5. Bg2 Nge7 6. O-O e5 7. c3 g6 8. d3 Bg7
9. Nbd2 O-O 10. Nc4 f6 11. a4 Be6 12. Be3 Rc8 13. Nfd2 b6 14. f4 Qd7 15. Nf3
Rfd8 16. Rfd1 Bh6 17. Rac1 d5 18. fxe5 Bxe3+ 19. Nxe3 fxe5 20. Ng5 d4 21. Nxe6
Qxe6 22. Nd5 Rf8 23. Rf1 Rxf1+ 24. Rxf1 Rf8 25. Rxf8+ Kxf8 26. Qf3+ Kg7 27. h4
Nd8 28. Kh2 Nb7 29. g4 Nxd5 30. exd5 Qf6 31. Qg3 g5 32. h5 Qf4 33. Kh3 Nd6 34.
Qe1 Kf6 35. c4 a5 36. Qe2 h6 37. Qc2 Qe3+ 38. Kh2 Qe1 39. Qb3 Qb4 40. Qc2 Qe1
41. Qb3 Qh4+ 42. Kg1 Nc8 43. d6 Qxg4 44. Qb5 Qd1+ 45. Bf1 Qg4+ 1/2-1/2

[Event "II Festival Capo d'Orso"]
[Site "Portomannu - Palau ITA"]
[Date "2008.05.21"]
[Round "6"]
[White "Bove, Alessandro"]
[Black "Kekki, Petri"]
[Result "1/2-1/2"]
[WhiteElo "2215"]
[BlackElo "2411"]
[PlyCount "103"]
[EventDate "2008.05.17"]

1. e4 e6 2. d4 d5 3. e5 c5 4. c3 Nc6 5. Nf3 Nge7 6. Bd3 cxd4 7. cxd4 Nf5 8.
Bxf5 exf5 9. Nc3 Be6 10. Be3 Be7 11. h4 h6 12. g3 Qb6 13. O-O O-O 14. Qd2 Kh7
15. Kg2 Rac8 16. Rh1 Na5 17. Qe2 Nc4 18. Bc1 Rh8 19. b3 Na5 20. Na4 Qd8 21. Be3
b6 22. Nb2 Qd7 23. Nd3 Nc6 24. Nf4 g6 25. Bd2 Kg7 26. Rab1 a5 27. Rhe1 Nb4 28.
Rec1 Nxa2 29. Nxe6+ Qxe6 30. Bxh6+ Rxh6 31. Rxc8 Qxc8 32. Qxa2 f4 33. e6 Qxe6
34. Re1 Qd6 35. Qe2 Bf6 36. Ne5 Rh8 37. Qf3 fxg3 38. fxg3 Bxe5 39. Rxe5 Rd8 40.
h5 f6 41. Re2 gxh5 42. Qxh5 Qd7 43. Kf3 Rc8 44. Re3 b5 45. Kf4 b4 46. Qe2 Qc7+
47. Kf5 Qd7+ 48. Kf4 Kg6 49. Re6 Qc7+ 50. Qe5 Qc1+ 51. Kg4 Qd1+ 52. Kf4 1/2-1/2

[Event "II Festival Capo d'Orso"]
[Site "Portomannu - Palau ITA"]
[Date "2008.05.21"]
[Round "6"]
[White "Brugo, Marco"]
[Black "Fathallah, Joe"]
[Result "1-0"]
[WhiteElo "2102"]
[BlackElo "1970"]
[PlyCount "35"]
[EventDate "2008.05.17"]

1. d4 f5 2. Nc3 Nf6 3. Bg5 d5 4. Bxf6 exf6 5. e3 Be6 6. Bd3 c6 7. Nge2 Bd6 8.
Nf4 Bxf4 9. exf4 Qb6 10. O-O Nd7 11. Re1 Kf7 12. g4 Nf8 13. gxf5 Bd7 14. Qh5+
Kg8 15. Re7 Ng6 16. fxg6 Kf8 17. Rf7+ Ke8 18. Qe2+ 1-0

[Event "II Festival Capo d'Orso"]
[Site "Portomannu - Palau ITA"]
[Date "2008.05.21"]
[Round "6"]
[White "Buratti, Marco"]
[Black "Mascellani, Marco"]
[Result "1/2-1/2"]
[WhiteElo "2031"]
[BlackElo "2309"]
[PlyCount "67"]
[EventDate "2008.05.17"]

1. e4 c5 2. Nc3 Nc6 3. Bc4 g6 4. d3 Bg7 5. Nge2 Na5 6. O-O d6 7. Bb5+ Bd7 8.
Bxd7+ Qxd7 9. Bg5 Nc6 10. Qd2 h6 11. Be3 Nd4 12. Nd1 e6 13. Ng3 Ne7 14. c3 Ndc6
15. d4 cxd4 16. cxd4 d5 17. e5 f5 18. exf6 Bxf6 19. b4 e5 20. dxe5 Nxe5 21. Rc1
Nc4 22. Qd3 Nxe3 23. Qxe3 Kf7 24. Qf4 Rac8 25. Ne3 h5 26. Rcd1 Kg7 27. Ne4 Rhf8
28. Nxf6 Rxf6 29. Qe4 Qd6 30. Qd4 Rd8 31. Qxa7 Rd7 32. Qd4 Kh7 33. a3 Nf5 34.
Nxf5 1/2-1/2

[Event "II Festival Capo d'Orso"]
[Site "Portomannu - Palau ITA"]
[Date "2008.05.21"]
[Round "6"]
[White "Ciobanu, Camelia-Adriana"]
[Black "Baldi, Giancarlo"]
[Result "1-0"]
[WhiteElo "2205"]
[BlackElo "1698"]
[PlyCount "49"]
[EventDate "2008.05.17"]

1. e4 e5 2. Nf3 Nc6 3. d3 Bc5 4. g3 d6 5. Bg2 Nf6 6. O-O h6 7. c3 a6 8. Nbd2
Be6 9. h3 Qd7 10. Kh2 O-O 11. Qe2 Nh7 12. a4 a5 13. Nc4 Ne7 14. d4 exd4 15.
cxd4 Bxc4 16. Qxc4 b5 17. axb5 Bb6 18. d5 Nc8 19. Qc6 Qxc6 20. bxc6 Nf6 21. Nd2
Bd4 22. Nb3 Bb6 23. Ra4 Re8 24. f4 Ne7 25. Bd2 1-0

[Event "II Festival Capo d'Orso"]
[Site "Portomannu - Palau ITA"]
[Date "2008.05.21"]
[Round "6"]
[White "Coralli, Nevio"]
[Black "Byron, Alan M."]
[Result "0-1"]
[WhiteElo "1539"]
[BlackElo "2201"]
[PlyCount "126"]
[EventDate "2008.05.17"]

1. c4 e5 2. Nc3 Nc6 3. e3 Nf6 4. Nge2 g6 5. g3 Bg7 6. Bg2 O-O 7. O-O d6 8. d3
Bg4 9. h3 Be6 10. Kh2 Qd7 11. Rb1 d5 12. b3 Rad8 13. Bb2 Rfe8 14. a3 h5 15. Na4
Qe7 16. Qc2 dxc4 17. dxc4 Bf5 18. e4 Bc8 19. Nac3 h4 20. Nd5 Nxd5 21. cxd5 Nd4
22. Nxd4 hxg3+ 23. fxg3 exd4 24. Qd3 c5 25. Bc1 b6 26. h4 Be5 27. Bf4 Kg7 28.
Qd2 Rh8 29. Kg1 f6 30. Rf3 Ba6 31. Bf1 Bc8 32. Bg2 Ba6 33. Bf1 Bc8 34. Bg2 Bxf4
35. Qxf4 Qe5 36. Rbf1 Rhf8 37. Qxe5 fxe5 38. Rxf8 Rxf8 39. Rxf8 Kxf8 40. Bf1
Bg4 41. Kf2 Bd1 42. b4 cxb4 43. axb4 Bc2 44. Bg2 a5 45. bxa5 bxa5 46. Ke1 a4
47. Kd2 d3 48. Bf3 a3 49. Kc1 a2 50. Kb2 a1=Q+ 51. Kxa1 d2 52. h5 gxh5 53. Bxh5
d1=Q+ 54. Bxd1 Bxd1 55. Kb2 Bf3 56. Kc3 Bxe4 57. Kc4 Ke7 58. Kc5 Kd7 59. g4 Bh7
60. g5 Bg6 61. d6 e4 62. Kd4 Kxd6 63. Ke3 Ke5 0-1

[Event "II Festival Capo d'Orso"]
[Site "Portomannu - Palau ITA"]
[Date "2008.05.21"]
[Round "6"]
[White "De Vreugt, Dennis"]
[Black "Galassi, Federico"]
[Result "1/2-1/2"]
[WhiteElo "2403"]
[BlackElo "2145"]
[PlyCount "65"]
[EventDate "2008.05.17"]

1. d4 d6 2. c4 g6 3. Nc3 Bg7 4. e4 Nf6 5. Nf3 O-O 6. Be2 e5 7. O-O Nc6 8. d5
Ne7 9. b4 Nh5 10. Re1 f5 11. Nd2 Nf6 12. c5 fxe4 13. Ndxe4 Nf5 14. cxd6 cxd6
15. b5 Nd4 16. Ba3 Ne8 17. Bd3 Bh6 18. Ne2 Bg4 19. Bb2 Qh4 20. Bxd4 exd4 21.
Qa4 Rf5 22. Nxd4 Rh5 23. h3 Bxh3 24. gxh3 Qxh3 25. Ng3 Qh2+ 26. Kf1 Qh3+ 27.
Kg1 Qh2+ 28. Kf1 Qh3+ 29. Kg1 Qh2+ 30. Kf1 Qh3+ 31. Kg1 Qh2+ 32. Kf1 Qh3+ 33.
Kg1 1/2-1/2

[Event "II Festival Capo d'Orso"]
[Site "Portomannu - Palau ITA"]
[Date "2008.05.21"]
[Round "6"]
[White "De Zaiacomo, Tonino"]
[Black "Grosse Honebrink, Brigitte"]
[Result "1-0"]
[WhiteElo "1802"]
[BlackElo "1929"]
[PlyCount "45"]
[EventDate "2008.05.17"]

1. d4 Nf6 2. c4 e6 3. Nc3 d5 4. e3 Be7 5. Bd2 Nbd7 6. Rc1 O-O 7. Nf3 b6 8. cxd5
exd5 9. Bd3 Bb7 10. O-O Ne4 11. Ne2 Bd6 12. Ng3 Nxg3 13. fxg3 Nf6 14. Ne5 Ne4
15. Rf4 Bxe5 16. dxe5 Qe7 17. Bc3 h6 18. Bxe4 dxe4 19. Qh5 Rad8 20. Rg4 Qe6 21.
Rf1 Qd7 22. Rxg7+ Kxg7 23. e6+ 1-0

[Event "II Festival Capo d'Orso"]
[Site "Portomannu - Palau ITA"]
[Date "2008.05.21"]
[Round "6"]
[White "Dehmel, Jens"]
[Black "Aagaard, Jacob"]
[Result "0-1"]
[WhiteElo "2122"]
[BlackElo "2533"]
[PlyCount "52"]
[EventDate "2008.05.17"]

1. e4 c5 2. Nf3 Nc6 3. d4 cxd4 4. Nxd4 Qb6 5. Nb3 Nf6 6. Nc3 e6 7. Be3 Qc7 8.
f3 Be7 9. Qd2 d5 10. g4 dxe4 11. g5 Nd5 12. O-O-O Nxe3 13. Qxe3 exf3 14. h4 a6
15. Bh3 b5 16. h5 Ne5 17. Rhe1 Nc4 18. Qxf3 Bxg5+ 19. Kb1 Bb7 20. Qg4 Bf6 21.
h6 g6 22. Nd4 O-O 23. Nxe6 fxe6 24. Qxe6+ Kh8 25. Rd7 Na3+ 26. Ka1 Qxc3 0-1

[Event "II Festival Capo d'Orso"]
[Site "Portomannu - Palau ITA"]
[Date "2008.05.21"]
[Round "6"]
[White "Diotallevi, Maurizio"]
[Black "Molina, Fabrizio"]
[Result "1/2-1/2"]
[WhiteElo "2096"]
[BlackElo "2313"]
[PlyCount "100"]
[EventDate "2008.05.17"]

1. e4 e6 2. d4 d5 3. exd5 exd5 4. Bd3 Bd6 5. c3 Nc6 6. Qf3 Nge7 7. Bf4 Be6 8.
Ne2 Qd7 9. Bxd6 Qxd6 10. Qg3 O-O-O 11. Qxd6 Rxd6 12. Nd2 Bf5 13. Bxf5+ Nxf5 14.
O-O Re8 15. Rfe1 a5 16. a4 Rde6 17. Kf1 Rh6 18. Kg1 Kd7 19. Nf4 Rxe1+ 20. Rxe1
Rd6 21. Nd3 b6 22. g3 f6 23. Nf3 Nd8 24. Nd2 Ne6 25. Nb3 Ng5 26. Nd2 Re6 27.
Rxe6 Nxe6 28. Nb3 Nd6 29. Kf1 Nc4 30. Ke2 Ng5 31. Nd2 Ne4 32. Nb3 g6 33. f3 Ng5
34. Nbc1 Ne6 35. Nb3 Kc6 36. Nd2 Nd6 37. Nb3 Nb7 38. Nd2 b5 39. axb5+ Kxb5 40.
b3 Nd6 41. Kd1 Nf5 42. Ke2 h5 43. g4 Nfg7 44. Ke3 a4 45. bxa4+ Kxa4 46. c4 dxc4
47. Nxc4 Kb5 48. Nd2 Kc6 49. Nb4+ Kd7 50. Nc4 c5 1/2-1/2

[Event "II Festival Capo d'Orso"]
[Site "Portomannu - Palau ITA"]
[Date "2008.05.21"]
[Round "6"]
[White "Fragni, Enrico"]
[Black "Both, Gert"]
[Result "1/2-1/2"]
[WhiteElo "1709"]
[BlackElo "2015"]
[PlyCount "88"]
[EventDate "2008.05.17"]

1. d4 Nf6 2. Nf3 d6 3. Bg5 Ne4 4. Bh4 Nd7 5. e3 c5 6. c3 g6 7. Bc4 Nb6 8. Bd3
Nf6 9. O-O c4 10. Bc2 Bg7 11. Nbd2 O-O 12. a4 a5 13. e4 Qc7 14. Qe2 e5 15. h3
Bd7 16. Bg3 Nh5 17. Bh2 Rae8 18. dxe5 dxe5 19. Rfd1 Re7 20. Qe3 h6 21. Nf1 Bc6
22. Ng3 Nf4 23. Ne2 Nxe2+ 24. Qxe2 Bd7 25. Nd4 Qc5 26. Nb5 Rc8 27. Nd6 Rc7 28.
Nb5 Bxb5 29. axb5 Qxb5 30. Rd8+ Kh7 31. Bd1 Re6 32. Bg3 Bf6 33. Rd2 Bg5 34. Rc2
Qc5 35. h4 Bf6 36. Kf1 Nd7 37. f3 b6 38. Rd2 Qc6 39. Rd4 b5 40. Rxa5 Nc5 41.
Bc2 Rd7 42. Rxd7 Qxd7 43. Bf2 Bd8 44. Ra1 Bb6 1/2-1/2

[Event "II Festival Capo d'Orso"]
[Site "Portomannu - Palau ITA"]
[Date "2008.05.21"]
[Round "6"]
[White "Friedrich, Norbert"]
[Black "Fierro Baquero, Martha Lorena"]
[Result "1/2-1/2"]
[WhiteElo "2323"]
[BlackElo "2375"]
[PlyCount "24"]
[EventDate "2008.05.17"]

1. e4 g6 2. d4 Bg7 3. Nf3 c5 4. c4 cxd4 5. Nxd4 Nc6 6. Be3 Nf6 7. Nc3 d6 8. Be2
O-O 9. O-O Nxd4 10. Bxd4 Be6 11. Qd2 Qa5 12. Rad1 Rfc8 1/2-1/2

[Event "II Festival Capo d'Orso"]
[Site "Portomannu - Palau ITA"]
[Date "2008.05.21"]
[Round "6"]
[White "Molinas Garcia, Francisco"]
[Black "Squarci, Franco"]
[Result "0-1"]
[WhiteElo "1949"]
[BlackElo "1834"]
[PlyCount "83"]
[EventDate "2008.05.17"]

1. e4 g6 2. d4 d5 3. e5 Bg7 4. c4 e6 5. Nc3 c6 6. Nf3 Ne7 7. Bg5 Nd7 8. cxd5
exd5 9. Bd3 O-O 10. Qd2 Qe8 11. O-O Nb6 12. Bh6 Bf5 13. Bxg7 Kxg7 14. Be2 Qd7
15. Qg5 Qe6 16. Qh4 h6 17. Rfe1 g5 18. Qg3 Bg6 19. h4 gxh4 20. Nxh4 Nf5 21.
Nxf5+ Qxf5 22. Bg4 Qg5 23. f4 Qd8 24. f5 Bh7 25. f6+ Kh8 26. Bh5 Rg8 27. Qf4
Qf8 28. e6 fxe6 29. Qe5 Nd7 30. Qxe6 Nxf6 31. Rf1 Rxg2+ 32. Kxg2 Qg7+ 33. Bg6
Qxg6+ 34. Kf3 Re8 35. Qh3 Qd3+ 36. Kg2 Rg8+ 37. Kh2 Ng4+ 38. Qxg4 Rxg4 39. Rg1
Rh4+ 40. Kg2 Be4+ 41. Nxe4 Qxe4+ 42. Kg3 0-1

[Event "II Festival Capo d'Orso"]
[Site "Portomannu - Palau ITA"]
[Date "2008.05.21"]
[Round "6"]
[White "Garcia Palermo, Carlos Horacio"]
[Black "Agrifoglio, Fabio"]
[Result "1-0"]
[WhiteElo "2465"]
[BlackElo "2004"]
[PlyCount "55"]
[EventDate "2008.05.17"]

1. d4 d5 2. Nf3 Nf6 3. c4 e6 4. Nc3 c6 5. cxd5 exd5 6. Bg5 Be7 7. Qc2 O-O 8. e3
Re8 9. Bd3 Nbd7 10. h3 Nf8 11. Bf4 Ne6 12. Be5 g6 13. O-O-O c5 14. Bb5 Nxd4 15.
exd4 Bf5 16. Qa4 Nd7 17. g4 Nb6 18. Qa5 Bg5+ 19. Nxg5 Rxe5 20. f4 a6 21. dxe5
axb5 22. Qxb5 Bd7 23. Qxc5 Rc8 24. Qa5 Rc4 25. Rxd5 Rxf4 26. e6 fxe6 27. Rxd7
Qxd7 28. Qxb6 1-0

[Event "II Festival Capo d'Orso"]
[Site "Portomannu - Palau ITA"]
[Date "2008.05.21"]
[Round "6"]
[White "Godena, Michele"]
[Black "Scalcione, Michelangelo"]
[Result "1/2-1/2"]
[WhiteElo "2528"]
[BlackElo "2455"]
[PlyCount "33"]
[EventDate "2008.05.17"]

1. e4 d6 2. Nf3 Nf6 3. c3 g6 4. Qc2 Bg7 5. d4 O-O 6. Be2 c6 7. O-O Nbd7 8. Re1
Qc7 9. a4 b6 10. Nbd2 a6 11. Nc4 Bb7 12. e5 Nd5 13. Bg5 dxe5 14. Ncxe5 Nxe5 15.
dxe5 h6 16. Bd2 c5 17. Bd3 1/2-1/2

[Event "II Festival Capo d'Orso"]
[Site "Portomannu - Palau ITA"]
[Date "2008.05.21"]
[Round "6"]
[White "Guanciale, Orazio"]
[Black "Razzano, Lorenzo"]
[Result "1-0"]
[WhiteElo "2182"]
[BlackElo "1895"]
[PlyCount "61"]
[EventDate "2008.05.17"]

1. e4 Nc6 2. Nc3 g6 3. d4 e5 4. dxe5 Nxe5 5. Nf3 d6 6. Nxe5 dxe5 7. Qf3 Be6 8.
Be3 c6 9. Bd3 Qe7 10. O-O Bg7 11. Qg3 Nh6 12. f3 f6 13. Qf2 b6 14. a4 O-O 15.
a5 c5 16. Ra4 Nf7 17. Rfa1 Rab8 18. Nb5 Nd6 19. Nxa7 Qxa7 20. axb6 Qxb6 21.
Bxc5 Qc7 22. Ra6 Rfd8 23. Bb6 Qb7 24. Bxd8 Rxd8 25. Qb6 Qxb6+ 26. Rxb6 Bf8 27.
Raa6 Bc8 28. Ra8 Nxe4 29. Rbb8 Bc5+ 30. Kf1 Nd6 31. b4 1-0

[Event "II Festival Capo d'Orso"]
[Site "Portomannu - Palau ITA"]
[Date "2008.05.21"]
[Round "6"]
[White "Hess, Christian Mathias"]
[Black "Muhren, Willem"]
[Result "1/2-1/2"]
[WhiteElo "2281"]
[BlackElo "2240"]
[PlyCount "68"]
[EventDate "2008.05.17"]

1. e4 d6 2. Nc3 g6 3. g3 Bg7 4. Bg2 e5 5. d3 c6 6. f4 Nh6 7. Nf3 Nd7 8. O-O O-O
9. Kh1 Qb6 10. Qe2 f6 11. Rb1 Re8 12. f5 Nf8 13. Nh4 Nf7 14. g4 Qd8 15. Rf2 b5
16. Bd2 b4 17. Nd1 Rb8 18. Ne3 Bh6 19. Nf1 Bf4 20. Bf3 g5 21. Ng2 a5 22. Nge3
Ba6 23. Kg2 Nd7 24. Ng3 Kf8 25. Nh5 Ke7 26. Ng7 Rg8 27. Ne6 Qb6 28. Nf1 Nf8 29.
Nxf8 Rbxf8 30. Ng3 Bxg3 31. Kxg3 c5 32. Be3 Rc8 33. Qd2 a4 34. Rd1 Rb8 1/2-1/2